000
00357nam a2200157Ia 4500
005
20250603145828.0
008
250603s9999 xx 000 0 und d
050
_a
KF 60 .A5/
245
4
_a
The all england law reports.[ vol.4 ]
260
_a
London.
260
_b
Templer bar.
260
_c
1939
300
_a
622 p
650
_a
London.
942
_c
BK
999
_c
42981
_d
42981